[Event "4NCL Division 4 South"]
[Site "Daventry, ENG"]
[Date "2019.02.09"]
[Round "5.25"]
[White "Duckers, Harvey L"]
[Black "Turner, Simon"]
[Result "1-0"]
[WhiteElo "1990"]
[BlackElo "1945"]
[PlyCount "97"]
[EventDate "2019.02.09"]
[WhiteTeam "Crowthorne 1"]
[BlackTeam "Warwickshire Select 2"]

1. c4 Nf6 2. Nc3 g6 3. e4 d6 4. d4 Bg7 5. f3 O-O 6. Be3 Nc6 7. Qd2 a6 8. Rd1 b6
9. Bd3 e5 10. d5 Nb4 11. Bb1 a5 12. Nge2 Nh5 13. O-O f5 14. exf5 Bxf5 15. g4
Bxb1 16. Rxb1 Nf6 17. Ng3 Qd7 18. a3 Na6 19. b4 axb4 20. axb4 Nb8 21. Nce4 Qe7
22. c5 Qf7 23. cxd6 cxd6 24. Nxf6+ Qxf6 25. Ne4 Qe7 26. Bxb6 Na6 27. b5 Nc7 28.
Be3 Ne8 29. g5 Qb7 30. Kg2 Rf7 31. b6 Bf8 32. Ra1 Ng7 33. Ra7 Rxa7 34. bxa7 Nf5
35. Bf2 Nd4 36. Bxd4 exd4 37. Ra1 Qa8 38. Nf6+ Kh8 39. Qxd4 Bg7 40. Qb6 h6 41.
h4 hxg5 42. hxg5 Bxf6 43. gxf6 Kg8 44. Qb8+ Rf8 45. Qxd6 Rf7 46. Qe6 Kf8 47.
Rh1 Kg8 48. Rh8+ Kxh8 49. Qxf7 1-0

[Event "4NCL Division 4 South"]
[Site "Daventry, ENG"]
[Date "2019.02.09"]
[Round "5.26"]
[White "Pal, Rohan"]
[Black "Tart, Peter K"]
[Result "0-1"]
[WhiteElo "1568"]
[BlackElo "1932"]
[PlyCount "170"]
[EventDate "2019.02.09"]
[WhiteTeam "Warwickshire Select 2"]
[BlackTeam "Crowthorne 1"]

1. e4 e5 2. Nf3 d5 3. exd5 Bd6 4. Bb5+ Bd7 5. Bxd7+ Nxd7 6. d3 f5 7. O-O Ngf6
8. c4 O-O 9. Nc3 a6 10. h3 Qe8 11. a3 e4 12. dxe4 fxe4 13. Nd4 Qe5 14. g3 Nh5
15. Nde2 Qf5 16. Kh2 Qf3 17. Be3 Nc5 18. Nf4 Nxg3 19. fxg3 Qxe3 20. Qe2 $11
Bxf4 21. Rxf4 Qxe2+ 22. Nxe2 Rae8 23. Raf1 Rxf4 24. Rxf4 Nd3 25. Rf1 Nxb2 26.
Rb1 Nxc4 27. Rxb7 Re7 28. Ra7 a5 29. Kg2 Kf7 30. Ra6 Nxa3 31. Rxa5 Nc4 32. Rc5
Ne3+ 33. Kf2 Nd1+ 34. Ke1 Nb2 35. Kd2 Nd3 36. Rc6 Nb4 37. Rc5 Kf6 38. Nf4 Ke5
39. Kc3 g5 40. d6+ Kxd6 41. Rxg5 c5 42. Kc4 Na6 43. Rh5 Nc7 44. Nd5 $11 e3 45.
Nf4 e2 46. Rh6+ Kd7 47. Nxe2 Rxe2 48. Kxc5 Re7 49. g4 Ne6+ 50. Kd5 Nf4+ 51. Kd4
Ke8 52. g5 Ne6+ 53. Kd3 Nxg5 54. h4 Nf3 55. h5 Ng5 56. Kd4 Re6 57. Rxe6+ Nxe6+
58. Ke5 Kf7 59. Kf5 h6 60. Ke5 Ng7 61. Kf4 Nxh5+ 62. Kg4 Kg6 63. Kh4 Nf6 64.
Kg3 Kg5 65. Kh3 Ne4 66. Kh2 Kg4 67. Kg2 Ng5 68. Kh2 Kf3 69. Kg1 Kg3 70. Kh1 Ne4
71. Kg1 Nf2 72. Kf1 h5 73. Kg1 h4 74. Kf1 h3 75. Ke2 h2 76. Ke3 h1=Q 77. Kd4
Qe4+ 78. Kc5 Nd3+ 79. Kb5 Qd5+ 80. Kb6 Qc5+ 81. Kb7 Ne5 82. Kb8 Qc6 83. Ka7 Nc4
84. Kb8 Na5 85. Ka7 Qb7# 0-1

[Event "4NCL Division 4 South"]
[Site "Daventry, ENG"]
[Date "2019.02.09"]
[Round "5.31"]
[White "Davies, Matthew"]
[Black "Tomboline, David"]
[Result "1/2-1/2"]
[WhiteElo "1932"]
[BlackElo "1946"]
[PlyCount "34"]
[EventDate "2019.02.09"]
[WhiteTeam "West is Best 3"]
[BlackTeam "Check Innmates 2"]

1. d4 f5 2. Nf3 Nf6 3. c4 e6 4. g3 d5 5. Bg2 Bd6 6. O-O O-O 7. b3 b6 8. Bb2 Bb7
9. Nbd2 Ne4 10. Ne5 Nd7 11. Nxd7 Qxd7 12. f3 Nxd2 13. Qxd2 f4 14. gxf4 Bxf4 15.
e3 Bg5 16. Qe2 Qf7 17. Ba3 Be7 1/2-1/2

[Event "4NCL Division 4 South"]
[Site "Daventry, ENG"]
[Date "2019.02.09"]
[Round "5.32"]
[White "O'Byrne, Daniel"]
[Black "Jukes, Sam"]
[Result "0-1"]
[WhiteElo "1742"]
[BlackElo "1906"]
[PlyCount "66"]
[EventDate "2019.02.09"]
[WhiteTeam "Check Innmates 2"]
[BlackTeam "West is Best 3"]

1. d4 Nf6 2. c4 e6 3. Nc3 Bb4 4. f3 d5 5. cxd5 exd5 6. Bg5 h6 7. Bh4 g5 8. Bg3
O-O 9. Qd2 Re8 10. a3 Bxc3 11. Qxc3 c5 12. Qxc5 Nc6 13. Rd1 Bf5 14. Qd6 Qxd6
15. Bxd6 Re6 16. Bg3 Rae8 17. Bf2 Na5 18. e3 Nb3 19. g4 Bc2 20. Bb5 Rc8 21. Ne2
Bxd1 22. Kxd1 a6 23. Ba4 Na5 24. Bc2 Rec6 25. Bf5 R8c7 26. Bg3 Re7 27. Be5 Nc4
28. Bxf6 Nxe3+ 29. Kd2 Rxf6 30. Ng3 Rb6 31. Rc1 Rxb2+ 32. Kd3 Nc4 33. Nf1 Rf2
0-1

[Event "4NCL Division 4 South"]
[Site "Daventry, ENG"]
[Date "2019.02.09"]
[Round "5.33"]
[White "Hurley, Jake"]
[Black "Usharovsky, Ron"]
[Result "0-1"]
[WhiteElo "1905"]
[BlackElo "1802"]
[PlyCount "82"]
[EventDate "2019.02.09"]
[WhiteTeam "West is Best 3"]
[BlackTeam "Check Innmates 2"]

1. e4 c6 2. Nc3 d5 3. Nf3 dxe4 4. Nxe4 Nf6 5. Qe2 Nxe4 6. Qxe4 Qd5 7. Qh4 Bf5
8. Bc4 Qe4+ 9. Qxe4 Bxe4 10. d3 Bxf3 11. gxf3 b5 12. Bb3 e6 13. Rg1 g6 14. Be3
Bg7 15. c3 O-O 16. a4 b4 17. Bc5 bxc3 18. Bxf8 Kxf8 19. Rg4 cxb2 20. Rb1 c5 21.
Kd2 Nc6 22. Rc4 Na5 23. Rc3 Bxc3+ 24. Kxc3 Nxb3 25. Kxb3 Rb8+ 26. Kc4 Ke7 27.
Kxc5 Kf6 28. Kd4 Kg5 29. Kc3 Kf4 30. Rxb2 Rxb2 31. Kxb2 Kxf3 32. Kc3 Kxf2 33.
Kb4 Ke3 34. Kb5 f5 35. Ka6 f4 36. Kxa7 f3 37. a5 f2 38. a6 f1=Q 39. Kb8 Qxd3
40. a7 Qd8+ 41. Kb7 e5 0-1

[Event "4NCL Division 4 South"]
[Site "Daventry, ENG"]
[Date "2019.02.09"]
[Round "5.34"]
[White "Headlong, Benjamin"]
[Black "Payan, Juan C"]
[Result "1/2-1/2"]
[WhiteElo "1765"]
[BlackElo "1863"]
[PlyCount "83"]
[EventDate "2019.02.09"]
[WhiteTeam "Check Innmates 2"]
[BlackTeam "West is Best 3"]

1. e4 c5 2. Nf3 d6 3. c3 Nc6 4. h3 Nf6 5. Bd3 g6 6. Bc2 Bg7 7. O-O O-O 8. d4
Qc7 9. Na3 a6 10. Bf4 cxd4 11. Nxd4 Bd7 12. Nxc6 Bxc6 13. Re1 b5 14. e5 dxe5
15. Bxe5 Qb7 16. Bxf6 Bxf6 17. Qg4 Rfd8 18. Rad1 e6 19. Rxd8+ Rxd8 20. Rd1
Rxd1+ 21. Bxd1 Qd7 22. Bf3 Bd5 23. Nc2 a5 24. Qf4 Kg7 25. Bxd5 Qxd5 26. Ne3 Qe5
27. Qxe5 Bxe5 28. Kf1 f5 29. Ke2 Kf7 30. Kd3 Ke7 31. Nc2 Kd6 32. b3 Bf6 33. Nd4
Bxd4 34. cxd4 g5 35. g3 e5 36. f3 Kd5 37. dxe5 Kxe5 38. Ke3 f4+ 39. gxf4+ gxf4+
40. Kd3 h5 41. h4 Kd5 42. a3 1/2-1/2

[Event "4NCL Division 4 South"]
[Site "Daventry, ENG"]
[Date "2019.02.09"]
[Round "5.35"]
[White "Fowler, Hugo"]
[Black "Snook-Lumb, Chris"]
[Result "1-0"]
[WhiteElo "1790"]
[BlackElo "1720"]
[PlyCount "89"]
[EventDate "2019.02.09"]
[WhiteTeam "West is Best 3"]
[BlackTeam "Check Innmates 2"]

1. e4 c5 2. c3 g6 3. d4 Bg7 4. Nf3 b6 5. Bd3 e6 6. e5 Ne7 7. Be4 Nbc6 8. dxc5
bxc5 9. Bg5 Rb8 10. Bxc6 dxc6 11. Qxd8+ Kxd8 12. Na3 h6 13. O-O-O+ Ke8 14. Be3
Ba6 15. c4 g5 16. Bxc5 g4 17. Nd4 Bxe5 18. Bxe7 Bxd4 19. Rxd4 Kxe7 20. Rxg4
Rhg8 21. Rxg8 Rxg8 22. g3 Rg4 23. f4 h5 24. Kd2 h4 25. Rg1 Kd6 26. Kc3 hxg3 27.
hxg3 Bb7 28. Rd1+ Ke7 29. Rd3 Rg8 30. Kb4 Rd8 31. Rxd8 Kxd8 32. Kc5 Ke7 33. Nc2
f6 34. b4 e5 35. f5 Kd7 36. a4 Kc7 37. Ne3 a6 38. Nf1 e4 39. Kd4 Kd6 40. c5+
Ke7 41. Kxe4 Kf7 42. Kf4 Kg7 43. g4 Kh6 44. Ng3 Bc8 45. Nh5 1-0

[Event "4NCL Division 4 South"]
[Site "Daventry, ENG"]
[Date "2019.02.09"]
[Round "5.36"]
[White "Usharovsky, Tom"]
[Black "Smith, Steve"]
[Result "1/2-1/2"]
[WhiteElo "1712"]
[BlackElo "1773"]
[PlyCount "55"]
[EventDate "2019.02.09"]
[WhiteTeam "Check Innmates 2"]
[BlackTeam "West is Best 3"]

1. c4 e5 2. Nc3 Nc6 3. g3 f5 4. Bg2 Nf6 5. e3 d5 6. cxd5 Nb4 7. d3 Nfxd5 8.
Nxd5 Nxd5 9. Ne2 c6 10. O-O Be6 11. b3 Bd6 12. Bb2 O-O 13. d4 e4 14. Rc1 Qe7
15. Nc3 Ba3 16. Qd2 Nxc3 17. Qxc3 Bb4 18. Qc2 $11 g5 19. Rfd1 Bd5 20. Bf1 b5
21. a4 Rab8 22. axb5 cxb5 23. Bc3 Ba3 24. Ra1 b4 25. Bb2 Rfc8 26. Bc4 Bxc4 27.
bxc4 Bxb2 28. Qxb2 1/2-1/2

[Event "4NCL Division 4 South"]
[Site "Daventry, ENG"]
[Date "2019.02.09"]
[Round "5.41"]
[White "Hadi, Justin"]
[Black "De Coverly, Roger D"]
[Result "0-1"]
[WhiteElo "1990"]
[BlackElo "1938"]
[PlyCount "76"]
[EventDate "2019.02.09"]
[WhiteTeam "Oxford 3"]
[BlackTeam "Wessex B"]

1. e4 e5 2. Nf3 Nc6 3. d4 exd4 4. Bc4 Nf6 5. e5 d5 6. Bb5 Ne4 7. Nxd4 Bd7 8.
Bxc6 bxc6 9. O-O Bc5 10. Be3 Bb6 11. f3 Ng5 12. f4 Ne4 13. Nd2 Nxd2 14. Qxd2 c5
15. Nf3 Bb5 16. Rfe1 Qd7 17. b3 a5 18. a4 Ba6 19. Rad1 O-O-O 20. Qf2 Qc6 21. f5
h6 22. e6 d4 23. Bf4 fxe6 24. Rxe6 Qd5 25. Ne5 Rde8 26. Qg3 g5 27. Bd2 Rxe6 28.
fxe6 Qxe6 29. Qe1 Re8 30. Nd3 Qd7 31. Qg3 Qd6 32. Re1 Qxg3 33. hxg3 Rxe1+ 34.
Bxe1 c4 35. bxc4 Bxc4 36. Kf2 Bd5 37. g4 c5 38. Kg3 c4 0-1

[Event "4NCL Division 4 South"]
[Site "Daventry, ENG"]
[Date "2019.02.09"]
[Round "5.42"]
[White "Pentakota, Rajasekhar"]
[Black "Dogoda, Rafal"]
[Result "0-1"]
[WhiteElo "1915"]
[BlackElo "1880"]
[PlyCount "103"]
[EventDate "2019.02.09"]
[WhiteTeam "Wessex B"]
[BlackTeam "Oxford 3"]

1. d4 e6 2. c4 f5 3. g3 Nf6 4. Bg2 Be7 5. Nh3 O-O 6. O-O d6 7. Qb3 Na6 8. Nc3
c5 9. d5 exd5 10. cxd5 Nc7 11. Re1 b5 12. a3 Rb8 13. e3 Ng4 14. f3 Ne5 15. Nf2
Na6 16. f4 Nc4 17. Qc2 Na5 18. Ne2 Bf6 19. Bd2 b4 20. Nd3 b3 21. Qc1 Bd7 22.
Bc3 Bb5 23. Nf2 Re8 24. a4 Bd7 25. Qd2 Nb4 26. Bxb4 Rxb4 27. Nd3 Rxa4 28. Rxa4
Bxa4 29. Ra1 Nc4 30. Qc1 Nb6 31. Nc3 Bxc3 32. bxc3 Qe7 33. Kf2 Bb5 34. Nb2 Nc4
35. Bf1 Qe4 36. Bxc4 Bxc4 37. Nxc4 Qxc4 38. Rxa7 Qxd5 39. c4 Qe4 40. Qc3 Qc2+
41. Qxc2 bxc2 42. Ra1 Re4 43. Rc1 Rxc4 44. Ke2 Kf7 45. Kd3 d5 46. h3 h5 47.
Rxc2 Rxc2 48. Kxc2 h4 49. gxh4 Kg6 50. Kb3 Kh5 51. Ka4 Kxh4 52. Kb5 0-1

[Event "4NCL Division 4 South"]
[Site "Daventry, ENG"]
[Date "2019.02.09"]
[Round "5.43"]
[White "Burrows, Nick"]
[Black "Gregory, Keith D F"]
[Result "1-0"]
[WhiteElo "1909"]
[BlackElo "1967"]
[PlyCount "95"]
[EventDate "2019.02.09"]
[WhiteTeam "Oxford 3"]
[BlackTeam "Wessex B"]

1. d4 d6 2. g3 Nf6 3. Nf3 Nbd7 4. c4 e5 5. Nc3 Be7 6. Bg2 O-O 7. O-O c6 8. e4
a6 9. a4 b6 10. h3 Bb7 11. d5 cxd5 12. cxd5 b5 13. axb5 axb5 14. Rxa8 Qxa8 15.
b4 Rc8 16. Qb3 Nb6 17. Nd2 Nfd7 18. Bb2 Ba6 19. Ra1 Qb7 20. Bf1 Na8 21. Qa2 Nc7
22. Nb3 Ra8 23. Na5 Qc8 24. Qb3 Bf8 25. Rc1 Qb8 26. Nb1 Nb6 27. Qc2 Nc4 28.
Bxc4 bxc4 29. Nxc4 Nb5 30. Na5 Nd4 31. Bxd4 exd4 32. Nc6 d3 33. Qc3 Qe8 34. Nd2
g6 35. Qd4 Bg7 36. Qb6 Bb2 37. Rd1 Bc3 38. Nb1 Bg7 39. b5 Bc8 40. Qe3 Bxh3 41.
b6 Bc8 42. Qxd3 Bb7 43. Na7 Qa4 44. Rc1 Qa5 45. Qb5 Qa2 46. Nc6 Bb2 47. Re1 Bf6
48. Qb4 1-0

[Event "4NCL Division 4 South"]
[Site "Daventry, ENG"]
[Date "2019.02.09"]
[Round "5.44"]
[White "Marsh, Roger D W"]
[Black "Terry, Sean"]
[Result "1/2-1/2"]
[WhiteElo "1946"]
[BlackElo "1905"]
[PlyCount "101"]
[EventDate "2019.02.09"]
[WhiteTeam "Wessex B"]
[BlackTeam "Oxford 3"]

1. d4 Nf6 2. c4 Nc6 3. Nf3 e6 4. Nc3 d5 5. Bg5 Be7 6. cxd5 exd5 7. e3 Be6 8.
Rc1 Ne4 9. Bxe7 Qxe7 10. Bb5 O-O 11. O-O Nb8 12. a3 c6 13. Bd3 Bg4 14. Qc2 Bxf3
15. gxf3 Ng5 16. f4 Nf3+ 17. Kg2 Nh4+ 18. Kh1 f5 19. Rg1 g6 20. Qe2 Nd7 21. Qh5
Kh8 22. Qg5 Qxg5 23. Rxg5 Nf3 24. Rg3 Nd2 25. Rc2 Ne4 26. Bxe4 fxe4 27. Na4
Rfc8 28. Rg1 Nb6 29. Nc5 Rc7 30. b3 Re7 31. Rg5 Rae8 32. Re5 Rxe5 33. fxe5 Re7
34. Kg2 a5 35. b4 a4 36. Rc3 Kg7 37. f3 exf3+ 38. Kxf3 Nc4 39. Nxa4 b6 40. Nxb6
Nxb6 41. Rxc6 Nc4 42. a4 Kf7 43. Ke2 Ra7 44. a5 Rb7 45. e4 Rxb4 46. exd5 Nxa5
47. Rc7+ Ke8 48. Kd3 Nb3 49. Kc3 Rxd4 50. Kxb3 Rxd5 51. Rxh7 1/2-1/2

[Event "4NCL Division 4 South"]
[Site "Daventry, ENG"]
[Date "2019.02.09"]
[Round "5.45"]
[White "Rudny, Tomasz"]
[Black "Bellers, Chris J"]
[Result "0-1"]
[WhiteElo "1900"]
[BlackElo "1939"]
[PlyCount "100"]
[EventDate "2019.02.09"]
[WhiteTeam "Oxford 3"]
[BlackTeam "Wessex B"]

1. d4 g6 2. e4 Bg7 3. c4 Nc6 4. Be3 e5 5. d5 Nd4 6. c5 d6 7. cxd6 Qxd6 8. Nf3
c5 9. dxc6 bxc6 10. Nc3 Ne7 11. Be2 O-O 12. O-O h6 13. Nd2 g5 14. Rc1 Be6 15.
Bg4 Rab8 16. Bxe6 Qxe6 17. b3 Rbd8 18. h3 f5 19. Bxd4 exd4 20. exf5 Nxf5 21.
Nce4 d3 22. Re1 Qg6 23. Qg4 Nd4 24. Kh1 Rf4 25. Qd1 Nc2 26. Rxc2 dxc2 27. Qxc2
Kh7 28. Qc5 Rf7 29. f3 Bd4 30. Qa5 Rfd7 31. Nc4 Qg7 32. Qf5+ Qg6 33. Qxg6+ Kxg6
34. Ned2 Bc3 35. Re6+ Kf7 36. Rxh6 Rxd2 37. Nxd2 Bxd2 38. Rxc6 Bf4 39. Kg1 Rd1+
40. Kf2 Rd2+ 41. Ke1 Rxa2 42. Rc4 Rxg2 43. h4 Bg3+ 44. Kf1 Rf2+ 45. Kg1 gxh4
46. b4 Ra2 47. f4 h3 48. Rc1 Kf6 49. Rf1 Kf5 50. b5 Bxf4 0-1

[Event "4NCL Division 4 South"]
[Site "Daventry, ENG"]
[Date "2019.02.09"]
[Round "5.46"]
[White "Adaway, William"]
[Black "Neatherway, A Philip"]
[Result "1/2-1/2"]
[WhiteElo "1865"]
[BlackElo "1792"]
[PlyCount "53"]
[EventDate "2019.02.09"]
[WhiteTeam "Wessex B"]
[BlackTeam "Oxford 3"]

1. e4 d5 2. exd5 Qxd5 3. Nc3 Qa5 4. d4 Nf6 5. Nf3 Bf5 6. Bd2 c6 7. Bc4 Qc7 8.
Ne5 e6 9. Qe2 Nbd7 10. O-O-O Bd6 11. g4 Bg6 12. f4 O-O-O 13. h4 h5 14. Nxg6
fxg6 15. g5 Nd5 16. Nxd5 exd5 17. Bd3 Bxf4 18. Bxg6 Qd6 19. Bxh5 g6 20. Bg4 Kc7
21. h5 Rde8 22. Qg2 gxh5 23. Bxh5 Reg8 24. g6 Nf6 25. Qf3 Bxd2+ 26. Rxd2 Nxh5
27. Rxh5 1/2-1/2

[Event "4NCL Division 4 South"]
[Site "Daventry, ENG"]
[Date "2019.02.09"]
[Round "5.51"]
[White "Kelmendi, Bajrush"]
[Black "Finn, Thomas"]
[Result "1/2-1/2"]
[WhiteElo "1985"]
[BlackElo "1960"]
[PlyCount "86"]
[EventDate "2019.02.09"]
[WhiteTeam "Celtic Tigers 2"]
[BlackTeam "Sussex Martlets 3"]

1. c4 e6 2. Nc3 d5 3. e3 Nf6 4. d4 c5 5. Nf3 Nc6 6. a3 cxd4 7. Nxd4 e5 8. Nxc6
bxc6 9. cxd5 cxd5 10. Bb5+ Bd7 11. O-O Be7 12. Qa4 a6 13. Bc6 Qc7 14. Bxd7+
Qxd7 15. Qxd7+ Kxd7 16. Rd1 Ke6 17. b4 Rab8 18. f4 Bd6 19. g4 Nxg4 20. Nxd5
Rhd8 21. Bb2 Rb5 22. h3 Rxd5 23. hxg4 Rxd1+ 24. Rxd1 exf4 25. Re1 fxe3 26.
Rxe3+ Kd7 27. Rh3 g6 28. Rxh7 Ke6 29. Rh3 Be5 30. Bxe5 Kxe5 31. Rf3 f6 32. Re3+
Kd6 33. Rc3 Re8 34. Kf2 Re5 35. Rc8 a5 36. Rf8 f5 37. Rf6+ Ke7 38. Rxg6 axb4
39. axb4 Rb5 40. gxf5 Rxb4 41. Ke3 Kf7 42. Re6 Ra4 43. Re4 Rxe4+ 1/2-1/2

[Event "4NCL Division 4 South"]
[Site "Daventry, ENG"]
[Date "2019.02.09"]
[Round "5.52"]
[White "Neale, George"]
[Black "Tivillier, Jacques"]
[Result "1/2-1/2"]
[WhiteElo "1877"]
[BlackElo "1915"]
[PlyCount "28"]
[EventDate "2019.02.09"]
[WhiteTeam "Sussex Martlets 3"]
[BlackTeam "Celtic Tigers 2"]

1. d4 c5 2. c4 cxd4 3. Nf3 Nc6 4. Nxd4 Nf6 5. Nc3 g6 6. Bf4 Nxd4 7. Qxd4 d6 8.
Bg5 Bg7 9. Nd5 O-O 10. Nxf6+ exf6 11. Bf4 Qa5+ 12. Qd2 Qxd2+ 13. Bxd2 Be6 14.
b3 f5 1/2-1/2

[Event "4NCL Division 4 South"]
[Site "Daventry, ENG"]
[Date "2019.02.09"]
[Round "5.53"]
[White "Buttell, David"]
[Black "Michaud, Gerald"]
[Result "1-0"]
[WhiteElo "1945"]
[BlackElo "1795"]
[PlyCount "75"]
[EventDate "2019.02.09"]
[WhiteTeam "Celtic Tigers 2"]
[BlackTeam "Sussex Martlets 3"]

1. d4 e6 2. c4 Nf6 3. Nf3 Be7 4. g3 O-O 5. Bg2 d5 6. O-O c6 7. e3 Nbd7 8. Nbd2
b5 9. b3 Ba6 10. c5 b4 11. Re1 Bd3 12. Bb2 Qc7 13. Bf1 Bxf1 14. Kxf1 Ne4 15.
Nxe4 dxe4 16. Nd2 f5 17. Nc4 Nf6 18. Kg2 Nd5 19. Qc2 Rf6 20. Rac1 Rc8 21. Qe2
Rh6 22. Ra1 Rf8 23. a3 f4 24. exf4 Nxf4+ 25. gxf4 Qxf4 26. Rh1 Rg6+ 27. Kf1 Bh4
28. Ke1 Qxf2+ 29. Qxf2 Rxf2 30. Kd1 Rgg2 31. axb4 Rxb2 32. Nxb2 Rxb2 33. b5
Rxb3 34. bxc6 Bd8 35. Ke2 a5 36. Rhb1 Rd3 37. Rb8 Rxd4 38. c7 1-0

[Event "4NCL Division 4 South"]
[Site "Daventry, ENG"]
[Date "2019.02.09"]
[Round "5.54"]
[White "Finn, Daniel"]
[Black "Kitchen, Peter J"]
[Result "1/2-1/2"]
[WhiteElo "1810"]
[BlackElo "1915"]
[PlyCount "103"]
[EventDate "2019.02.09"]
[WhiteTeam "Sussex Martlets 3"]
[BlackTeam "Celtic Tigers 2"]

1. d4 d5 2. c4 e6 3. Nc3 Nf6 4. Bg5 Be7 5. e3 h6 6. Bh4 O-O 7. Nf3 b6 8. Bxf6
Bxf6 9. cxd5 exd5 10. Be2 Be6 11. O-O c5 12. Rc1 Nd7 13. Qd2 Qe7 14. dxc5 Bxc3
15. Rxc3 bxc5 16. Rfc1 Nf6 17. Qd1 Rfc8 18. b3 Ne4 19. R3c2 a5 20. Nd2 Nf6 21.
Bf3 Bf5 22. Rc3 Rab8 23. Nf1 Be4 24. Ng3 Bg6 25. Qe2 Ne4 26. Bxe4 dxe4 27. Qc2
c4 28. Rxc4 Rxc4 29. Qxc4 Qa3 30. Qc2 a4 31. Rb1 axb3 32. axb3 Qb4 33. h3 Rd8
34. Rd1 Rd3 35. Rb1 Rd2 36. Qc4 Qd6 37. Nxe4 Rd1+ 38. Rxd1 Qxd1+ 39. Kh2 Bxe4
40. Qxe4 Qxb3 41. Qe5 Qa2 42. f3 g6 43. Qf6 Qf2 44. e4 Qe1 45. e5 h5 46. h4 Kf8
47. f4 Qe3 48. e6 Qxe6 49. Qxe6 fxe6 50. Kg3 Kf7 51. Kf3 Kg7 52. Ke3 1/2-1/2

[Event "4NCL Division 4 South"]
[Site "Daventry, ENG"]
[Date "2019.02.09"]
[Round "5.55"]
[White "White, John"]
[Black "Woods, Timothy J"]
[Result "1/2-1/2"]
[WhiteElo "1787"]
[BlackElo "1682"]
[PlyCount "82"]
[EventDate "2019.02.09"]
[WhiteTeam "Celtic Tigers 2"]
[BlackTeam "Sussex Martlets 3"]

1. e4 d6 2. d4 Nf6 3. Nc3 g6 4. h3 Bg7 5. Be3 c6 6. a4 Nbd7 7. Nf3 O-O 8. Bc4
Nxe4 9. Nxe4 d5 10. Bd3 dxe4 11. Bxe4 Nf6 12. Bd3 Qa5+ 13. c3 Bf5 14. O-O Bxd3
15. Qxd3 Rad8 16. Qc2 Rfe8 17. Rfe1 e6 18. b4 Qc7 19. Rac1 a6 20. Bg5 Rc8 21.
Qd2 a5 22. c4 axb4 23. Qxb4 Ra8 24. Bd2 Red8 25. a5 Nd7 26. Rb1 Rdb8 27. Qa3
Rd8 28. Qb2 Rdb8 29. Bc3 c5 30. Qb5 cxd4 31. Bb4 e5 32. Qd5 Qc6 33. Bd6 Rc8 34.
Rxb7 e4 35. Nd2 e3 36. fxe3 dxe3 37. Nf3 Qxd5 38. cxd5 Nf6 39. Rxe3 Nxd5 40.
Rd3 Rxa5 41. Rdb3 Ra1+ 1/2-1/2

[Event "4NCL Division 4 South"]
[Site "Daventry, ENG"]
[Date "2019.02.09"]
[Round "5.56"]
[White "Kolani, Arjun"]
[Black "Sturt, Charles A"]
[Result "1-0"]
[WhiteElo "1589"]
[BlackElo "1682"]
[PlyCount "47"]
[EventDate "2019.02.09"]
[WhiteTeam "Sussex Martlets 3"]
[BlackTeam "Celtic Tigers 2"]

1. e4 e6 2. d4 d5 3. Nc3 Nf6 4. Bg5 dxe4 5. Nxe4 Be7 6. Bxf6 gxf6 7. Nf3 f5 8.
Ned2 a6 9. c3 b5 10. Ne5 Bf6 11. Ndf3 Bb7 12. Be2 Nd7 13. Nd3 Qe7 14. O-O O-O-O
15. Re1 h5 16. a4 bxa4 17. Rxa4 Rdg8 18. Nb4 Qf8 19. Bxa6 Qg7 20. g3 h4 21. Qe2
Bxa6 22. Qxa6+ Kd8 23. Nc6+ Ke8 24. Qc8+ 1-0

[Event "4NCL Division 4 South"]
[Site "Daventry, ENG"]
[Date "2019.02.09"]
[Round "5.61"]
[White "Volovich, Julia"]
[Black "Guha, Chirag"]
[Result "0-1"]
[WhiteElo "1885"]
[BlackElo "2057"]
[PlyCount "104"]
[EventDate "2019.02.09"]
[WhiteTeam "Poisoned Pawns - Next Generation"]
[BlackTeam "Wood Green Youth"]

1. d4 d5 2. c4 e6 3. Nc3 Nf6 4. cxd5 exd5 5. Bg5 c6 6. e3 Be7 7. Bd3 Nbd7 8.
Qc2 Nh5 9. Bxe7 Qxe7 10. Nge2 g6 11. Ng3 Ng7 12. O-O Nb6 13. Rfe1 Be6 14. a3 h5
15. e4 h4 16. Nge2 O-O 17. exd5 cxd5 18. Qd2 Qf6 19. Qf4 Bf5 20. Bxf5 Nxf5 21.
Qe5 Qxe5 22. dxe5 $11 d4 23. Nb5 Rfd8 24. g4 hxg3 25. Nxg3 Nxg3 26. hxg3 Nc4
27. b3 Nd2 28. Red1 Nxb3 29. Rab1 Nc5 30. Rxd4 Rxd4 31. Nxd4 Rd8 32. Nb3 $11
Ne6 33. Na5 b6 34. Nc4 Rd4 35. Rc1 Rd5 36. Re1 Nd4 37. Kg2 b5 38. Ne3 Rxe5 39.
Rd1 Ne6 40. Rd7 a5 41. Rd5 Rxd5 42. Nxd5 Nd4 43. Nc3 Kf8 44. f4 Ke7 45. Kf2 Kd6
46. Ke3 Nc2+ 47. Kd3 Nxa3 48. Ne4+ Kd5 49. Ng5 f5 50. Nf3 b4 51. Nh4 b3 52. Kc3
a4 0-1

[Event "4NCL Division 4 South"]
[Site "Daventry, ENG"]
[Date "2019.02.09"]
[Round "5.62"]
[White "Woodhouse, Stephen V"]
[Black "Trivedi, Aarnavh"]
[Result "1/2-1/2"]
[WhiteElo "1873"]
[BlackElo "1862"]
[PlyCount "137"]
[EventDate "2019.02.09"]
[WhiteTeam "Wood Green Youth"]
[BlackTeam "Poisoned Pawns - Next Generation"]

1. e4 c6 2. d4 d5 3. exd5 cxd5 4. c4 Nf6 5. Nc3 e6 6. Nf3 Be7 7. Bd3 Nc6 8. O-O
O-O 9. a3 h6 10. Re1 Re8 11. Be3 Na5 12. Ne5 dxc4 13. Nxc4 Nxc4 14. Bxc4 Qc7
15. Ba2 b6 16. Rc1 Qd7 17. Qd3 Bb7 18. f3 Rac8 19. Bb1 Bf8 20. Ne4 Nxe4 21.
fxe4 g6 22. Qd2 Bg7 23. b4 Red8 24. Bxh6 Qxd4+ 25. Qxd4 Bxd4+ 26. Kh1 Bb2 27.
Rxc8 Rxc8 28. a4 Bc3 29. Rd1 Bf6 30. Rc1 Rd8 31. Be3 Kg7 32. Kg1 Bd4 33. Kf2
Bxe3+ 34. Kxe3 Rd7 35. Bd3 e5 36. Bb5 Rd4 37. Rc4 a6 38. Rc7 Bxe4 39. Bc4 Bd5
40. Bxd5 Rxd5 41. Rc6 b5 42. Rxa6 bxa4 43. Rxa4 Rb5 44. Kd3 f5 45. Kc4 Rb7 46.
b5 Kf6 47. Kc5 e4 48. Kc6 Rb8 49. b6 e3 50. Kc7 Re8 51. Ra1 e2 52. Re1 Re3 53.
b7 Rc3+ 54. Kb8 Re3 55. Ka7 Ra3+ 56. Kb6 Rb3+ 57. Kc6 Rc3+ 58. Kd5 Rb3 59. Rxe2
Rxb7 60. Kd4 g5 61. h3 f4 62. Ke4 Rb4+ 63. Kf3 Kf5 64. Ra2 Rb3+ 65. Kf2 Kg6 66.
Rc2 Kh5 67. Ra2 g4 68. hxg4+ Kxg4 69. Rc2 1/2-1/2

[Event "4NCL Division 4 South"]
[Site "Daventry, ENG"]
[Date "2019.02.09"]
[Round "5.63"]
[White "Srivastava, Arnav"]
[Black "Harrison, James"]
[Result "0-1"]
[WhiteElo "1870"]
[BlackElo "1802"]
[PlyCount "60"]
[EventDate "2019.02.09"]
[WhiteTeam "Poisoned Pawns - Next Generation"]
[BlackTeam "Wood Green Youth"]

1. d4 f5 2. c4 Nf6 3. Nc3 g6 4. Nf3 Bg7 5. g3 e6 6. Bg2 O-O 7. O-O d6 8. Qc2
Nc6 9. Rd1 Bd7 10. e4 e5 11. dxe5 dxe5 12. Bg5 Qc8 13. Bxf6 Bxf6 14. Nd5 Bg7
15. Ne3 f4 16. Qd3 fxe3 17. Qxd7 exf2+ 18. Kxf2 Nd4 19. Qxc8 Raxc8 20. Rd3 Rcd8
21. Rad1 Rd6 22. Kg1 Nxf3+ 23. Bxf3 Rxf3 24. Rxd6 cxd6 25. Rxd6 Rf7 26. Rd8+
Bf8 27. Rc8 Re7 28. Ra8 b6 29. Kf2 Kf7 30. Ke2 Rd7 0-1

[Event "4NCL Division 4 South"]
[Site "Daventry, ENG"]
[Date "2019.02.09"]
[Round "5.64"]
[White "Hussain, Adam"]
[Black "Dharmasena, Gavith"]
[Result "1-0"]
[WhiteElo "1825"]
[BlackElo "1855"]
[PlyCount "65"]
[EventDate "2019.02.09"]
[WhiteTeam "Wood Green Youth"]
[BlackTeam "Poisoned Pawns - Next Generation"]

1. e4 e5 2. Nf3 Nc6 3. Bc4 Bc5 4. c3 Nf6 5. O-O Nxe4 6. d4 exd4 7. cxd4 Bb6 8.
Re1 d5 9. Bxd5 Qxd5 10. Nc3 Qf5 11. Rxe4+ Be6 12. Bg5 h6 13. d5 hxg5 14. dxc6
bxc6 15. Re5 Qf6 16. Ne4 Qh6 17. Nexg5 Rd8 18. Qe2 Rd6 19. Re1 Bd4 20. Re4 Qf6
21. Nxe6 fxe6 22. Nxd4 O-O 23. Nxe6 Re8 24. Nc5 Rf8 25. Re6 Rxe6 26. Qxe6+ Qxe6
27. Rxe6 Kf7 28. Rxc6 Rc8 29. Na6 Rd8 30. g3 Rd2 31. Rxc7+ Kf6 32. Rb7 Rc2 33.
Nb4 1-0

[Event "4NCL Division 4 South"]
[Site "Daventry, ENG"]
[Date "2019.02.09"]
[Round "5.65"]
[White "Weersing, Abigail Riis"]
[Black "Parry, Samuel"]
[Result "1-0"]
[WhiteElo "1862"]
[BlackElo "1608"]
[PlyCount "49"]
[EventDate "2019.02.09"]
[WhiteTeam "Poisoned Pawns - Next Generation"]
[BlackTeam "Wood Green Youth"]

1. Nf3 Nf6 2. d4 g6 3. Nc3 d5 4. Bg5 Nbd7 5. e3 Bg7 6. Bd3 c6 7. O-O O-O 8. e4
dxe4 9. Nxe4 Nxe4 10. Bxe4 Nf6 11. Bd3 Be6 12. c3 h6 13. Bf4 Qb6 14. Qd2 Kh7
15. Rfe1 Nh5 16. Be5 Nf6 17. Bg3 Bh8 18. Bf4 Bg7 19. Bxg6+ fxg6 20. Rxe6 Nd5
21. Be5 Qd8 22. Re1 Rf7 23. Qc2 Qf8 24. Qxg6+ Kg8 25. Re4 1-0